LEADER 01225nam a2200289 a 4500 001 000000141507 003 CaOOAMICUS 005 20150128095119.0 008 150128s1968 it d u000 u ita r 040 $aPUL$bita 100 1 $aPostman, Neil.$0(OLS)http://pul/name/77672 240 10$aLinguistics: a revolution in teaching.$lItaliano.$0(OLS)http://pul/title/179086 245 13$aLa linguistica :$buna rivoluzione nell'insegnamento /$cNeil Postman, Charles Weingartner. 260 $aRoma :$bArmando Armando,$c1968. 300 $a266 p. ;$c24 cm 490 1 $aI problemi della didattica ;$v37 500 $aContiene indici. 504 $aBibliografia in nota. 650 4$aLinguistica.$0(OLS)http://pul/subject/6382 700 1 $aWeingartner, Charles.$0(OLS)http://pul/name/91103 830 2$aI problemi della didattica ;$v37.$0(OLS)http://pul/title/58547 850 $aPUL 852 $aPUL$W1$xDP1 Fondo Capitani$y116$m5 A 5$j158163$qFondi$B163224$CPULBib$Z2$F163224 $HCap1954 $82 941 1 $a1 996 $6245$aLa linguistica :$buna rivoluzione nell'insegnamento$9(OLS)http://pul/title/179085 996 $6260$aRoma :$bArmando Armando$9(OLS)http://pul/publisher/59532 LEADER 01653nam a2200385 a 4500 001 000000160824 003 CaOOAMICUS 005 20170519113833.0 008 170519s2016 it u000 u ita r 020 $a978-88-7642-565-3* 032 $aLibriCat 040 $aPUL$bita 041 0 $aita$alat 082 04$a870.9 100 1 $aCesarini Martinelli, Lucia.$0(OLS)http://pul/name/99950 245 10$aUmanesimo e filologia /$cLucia Cesarini Martinelli ; a cura di Sebastiano Gentile. 260 $aPisa :$bEdizioni della Normale,$cİ2016$aFirenze :$bIstituto Nazionale di Studi sul Rinascimento 300 $a873 p. ;$c24 cm. 490 1 $aClavis ;$v03 504 $aBibliografia in nota. 546 $aInclude testi in latino. 650 4$aFilologia latina.$0(OLS)http://pul/subject/44599 650 4$aLetteratura latina.$0(OLS)http://pul/subject/2183 700 1 $aGentile, Sebastiano.$0(OLS)http://pul/name/102926 830 0$aClavis ;$v03.$0(OLS)http://pul/title/200532 850 $aPUL 852 $aPUL$W1$xSL Cons. Gen., Altre Classi 3$y75$m940 CESLU 1$j184667$qDDC 21$B187857$CPULBib$Z2$F187857 $H129677 $81 941 1 $a9 961 $aPrecedente collocazione: 870. 9 CESLU 1 996 $6020$a978-88-7642-565-3*$9(OLS)http://pul/number/162727 996 $6082$a870.9$9(OLS)http://pul/classification/611 996 $6245$aUmanesimo e filologia$9(OLS)http://pul/title/200531 996 $6260$aPisa :$bEdizioni della Normale$9(OLS)http://pul/publisher/80451 996 $6260$aFirenze :$bIstituto Nazionale di Studi sul Rinascimento$9(OLS)http://pul/publisher/55795